Doctor Who Companions: Anything but Human Quiz Stats

 Plays Quiz not verified by Sporcle

Challenge
Share
Tweet
Embed
Score 0/35 Timer 07:00
0 Plays Today
Doctor(s) Companion % Correct
1Susan Foreman
92.5%
4Romana
89.2%
4K9
88.2%
5Kamelion
81.7%
5Nyssa
80.6%
4/5Adric
77.4%
5Vislor Turlough
72%
11Handles
66.3%
11River Song
63.4%
9/W/12Master
57.9%
6Frobisher
53.8%
12Nardole
50.5%
8Kroton
45.2%
1/2John
44.1%
8C'rizz
44.1%
11John Jones
44.1%
1/2Gillian
43%
8Compassion
39.8%
Doctor(s) Companion % Correct
8Ssard
37.6%
8Destrii
34.4%
W/11Squire
34.4%
5Amy / Abby
32.3%
8Josie Day
30.1%
11ARC
30.1%
11Sapling
29.2%
10Anubis
26.9%
WRejoice
21.1%
WOllistra
21.1%
10Majenta Pryce
19.4%
11Kevin
19.4%
12Jata
17.2%
6Zog
15.8%
11Decky Flamboon
15.1%
WKalan
12.3%
10Gisella
7.5%

You're not logged in!

Compare scores with friends on all Sporcle quizzes.
OR
Log In

You Might Also Like...

Show Comments

Extras

Top Quizzes Today


Score Distribution

Your Account Isn't Verified!

In order to create a playlist on Sporcle, you need to verify the email address you used during registration. Go to your Sporcle Settings to finish the process.

Report this User

Report this user for behavior that violates our Community Guidelines.

Details: